LEADER 01742nam 2200433I 450 001 9910703514703321 005 20150417092218.0 035 $a(CKB)5470000002432558 035 $a(OCoLC)907535775 035 $a(EXLCZ)995470000002432558 100 $a20150417d2015 ua 0 101 0 $aeng 135 $aurmn||||||||| 181 $ctxt$2rdacontent 182 $cc$2rdamedia 183 $acr$2rdacarrier 200 10$aDesign evaluation of wind turbine spline couplings using an analytical model $epreprint /$fY. Guo [and five others] 210 1$a[Golden, Colo.] :$cNational Renewable Energy Laboratory,$d2015. 215 $a1 online resource (10 pages) $ccolor illustrations 225 1 $aNREL/CP ;$v5000-63507 300 $aTitle from title screen (viewed Apr. 16, 2015). 300 $a"February 2015." 300 $a"To be presented at the Conference for Wind Power Drives (CWD), Aachen, Germany, March 3-4, 2015." 320 $aIncludes bibliographical references (page 10). 517 $aDesign evaluation of wind turbine spline couplings using an analytical model 606 $aWind turbines$xDesign and construction$xComputer simulation$xEvaluation 606 $aCouplings$xComputer simulation$xEvaluation 606 $aSplines 615 0$aWind turbines$xDesign and construction$xComputer simulation$xEvaluation. 615 0$aCouplings$xComputer simulation$xEvaluation. 615 0$aSplines. 700 $aGuo$b Y$g(Yili),$01394172 712 02$aNational Renewable Energy Laboratory (U.S.), 801 0$bGPO 801 1$bGPO 906 $aBOOK 912 $a9910703514703321 996 $aDesign evaluation of wind turbine spline couplings using an analytical model$93451162 997 $aUNINA LEADER 01620nas 2200529- 450 001 9910492125503321 005 20241204165609.0 011 $a2652-4740 035 $a(OCoLC)1137240177 035 $a(CKB)4100000012003221 035 $a(CONSER)--2023240260 035 $a(EXLCZ)994100000012003221 100 $a20200122a20209999 --- a 101 0 $aeng 135 $aur||||||||||| 181 $ctxt$2rdacontent 181 $csti$2rdacontent 182 $cc$2rdamedia 183 $acr$2rdacarrier 200 10$aIndex Journal 210 1$aSt Kilda, VIC :$cIndex,$d2020- 210 31$aMelbourne, Australia:$cPublished in association with the University of Melbourne 215 $a1 online resource 300 $aRefereed/Peer-reviewed 606 $aArt$xHistory$vPeriodicals 606 $aArt$zAustralia$vPeriodicals 606 $aArt$2fast$3(OCoLC)fst00815177 606 $aArt and history$2fast$3(OCoLC)fst00815396 606 $aArchitectural design$2fast$3(OCoLC)fst00813184 606 $aMuseums$2fast$3(OCoLC)fst01030128 607 $aAustralia$2fast$1https://id.oclc.org/worldcat/entity/E39QbtfRv8PPH7gCqhkJ8DK8bM 608 $aPeriodicals.$2fast 608 $aHistory.$2fast 608 $aSerial publications.$2lcgft 608 $aPeriodicals.$2lcgft 608 $aElectronic journals. 615 0$aArt$xHistory 615 0$aArt 615 7$aArt. 615 7$aArt and history. 615 7$aArchitectural design. 615 7$aMuseums. 676 $a709.994 906 $aJOURNAL 912 $a9910492125503321 996 $aIndex Journal$92838227 997 $aUNINA